[Event "Moscow op-B"]
[Site "Moscow"]
[Date "2009.02.07"]
[Round "8"]
[White "Shmatkov, Mikhail"]
[Black "Panko, Alexander"]
[Result "0-1"]
[WhiteElo "2219"]
[BlackElo "2087"]
[PlyCount "110"]
[EventDate "2009.01.31"]
[EventType "swiss"]
[EventRounds "9"]
[EventCountry "RUS"]
[SourceTitle "EXT 2012"]
[Source "ChessBase"]
[SourceDate "2011.11.24"]
[SourceVersion "1"]
[SourceVersionDate "2011.11.24"]
[SourceQuality "1"]

1. e4 c5 2. Nf3 d6 3. d4 cxd4 4. Nxd4 Nf6 5. Nc3 a6 6. Bc4 e6 7. Bb3 Qc7 8. Be3 Be7 9. Qe2 Nc6 10. 0-0-0 Na5 11. g4 Nxb3+ 12. axb3 b5 13. g5 Nd7 14. Kb1 Bb7 15. Bc1 Nc5 16. b4 Nd7 17. Nb3 Rc8 18. Rhe1 Qc4 19. Qxc4 bxc4 20. Na5 Ba8 21. Bf4 Ne5 22. Rd4 Nf3 23. Rdd1 Nxe1 24. Rxe1 0-0 25. f3 Rb8 26. Nxc4 Rfd8 27. Na2 Rb5 28. Na3 Rb7 29. c4 f6 30. gxf6 gxf6 31. b5 axb5 32. Nxb5 d5 33. Nc7 dxe4 34. Nxe6 Rc8 35. fxe4 Kf7 36. Nd4 Rxc4 37. Nf5 Rb5 38. Ng3 f5 39. Bd2 Bf6 40. b4 fxe4 41. Rf1 Ke6 42. Be3 Be7 43. Bd2 Bf6 44. Be3 Bc6 45. Ne2 Be5 46. Rf8 Rb8 47. Rf1 Ba4 48. Nf4+ Kd7 49. Rf2 Rbc8 50. Bc5 e3 51. Bxe3 Bc2+ 52. Kc1 Bb3+ 53. Kb1 Bxa2+ 54. Kxa2 Rxb4 55. Ka3 Bd6 0-1

[Event "Moscow op-B"]
[Site "Moscow"]
[Date "2009.02.04"]
[Round "5"]
[White "Emdin, Mark"]
[Black "Panko, Alexander"]
[Result "0-1"]
[WhiteElo "1885"]
[BlackElo "2087"]
[PlyCount "29"]
[EventDate "2009.01.31"]
[EventType "swiss"]
[EventRounds "9"]
[EventCountry "RUS"]
[SourceTitle "EXT 2012"]
[Source "ChessBase"]
[SourceDate "2011.11.24"]
[SourceVersion "1"]
[SourceVersionDate "2011.11.24"]
[SourceQuality "1"]

1. e4 c5 2. c4 Nc6 3. Nc3 g6 4. g3 Bg7 5. Bg2 d6 6. Nge2 Bd7 7. 0-0 Qc8 8. Rb1 Bh3 9. a3 Bxg2 10. Kxg2 h5 11. h4 Nf6 12. d3 0-0 13. b4 b6 14. f3 Nh7 15. Be3 0-1

[Event "Obninsk+"]
[Site "Obninsk"]
[Date "2008.02.26"]
[Round "3"]
[White "Idrisova, Roza"]
[Black "Panko, Alexander"]
[Result "1-0"]
[WhiteElo "2107"]
[BlackElo "2132"]
[PlyCount "77"]
[EventDate "2008.02.24"]
[EventType "tourn"]
[EventRounds "13"]
[EventCountry "RUS"]
[SourceTitle "CBM 123 Extra"]
[Source "ChessBase"]
[SourceDate "2008.05.06"]
[SourceVersion "1"]
[SourceVersionDate "2008.05.06"]
[SourceQuality "1"]

1. d4 Nf6 2. c4 g6 3. Nc3 d5 4. cxd5 Nxd5 5. e4 Nxc3 6. bxc3 Bg7 7. Bb5+ Nd7 8. Ne2 0-0 9. 0-0 c5 10. Be3 Qa5 11. Bc4 Nf6 12. e5 Nd7 13. Qc1 Nb6 14. Bd3 c4 15. Be4 Nd5 16. Bd2 Bd7 17. f4 Bf5 18. Ng3 e6 19. a4 Rfd8 20. Qb2 Qc7 21. Nxf5 gxf5 22. Bf3 Kh8 23. Kh1 Rab8 24. g4 fxg4 25. Bxg4 Ne7 26. Bf3 b6 27. Be4 Nd5 28. f5 exf5 29. Rxf5 f6 30. Rh5 fxe5 31. Rxh7+ Kg8 32. Bh6 Rd7 33. Rxg7+ Kh8 34. Rag1 Nf4 35. Rxd7 Qxd7 36. Bg7+ Qxg7 37. Rxg7 Kxg7 38. Qb5 Rf8 39. Qxe5+ 1-0